000 00615nam a2200241Ia 4500
003 OSt
005 20220912151342.0
006 a|||||r|||| 00| 0
007 ta
008 220909b |||||||| |||| 00| 0 eng d
024 _a25321
037 _cTextual
040 _aCSL
_beng
_cCSL
041 _aeng
082 _aB9:6, M5
100 _aBrown R Hanbury
245 0 _aPhotons, galaxies and stars
260 _aBanglore
_bIndian academy of Science
_c1985
300 _aix, 426p.
_ccm.
650 _aAstrophysics
942 _hB9:6, M5
_cTEXL
_2CC
999 _c66756
_d66756